|
|
|
|
| LEADER |
02452nam a2200337 a 4500 |
| 001 |
GR-Patra30720 |
| 008 |
030908s2001 gr b u000 0 gre d |
| 020 |
|
|
|a 9604111752
|
| 082 |
|
0 |
|a 808.06662
|2 22
|
| 100 |
1 |
|
|a Μιχάλης, Πέτρος Γ.
|
| 245 |
1 |
0 |
|a Τεχνικοοικονομικά /
|c Π. Μιχάλης.
|
| 250 |
|
|
|a 2η έκδ.
|
| 260 |
|
|
|a Αθήνα :
|b Ίων,
|c c2001
|
| 300 |
|
|
|a 341 σ. :
|b πιν.
|
| 504 |
|
|
|a Περιλαμβάνει βιβλιογραφία.
|
| 650 |
|
4 |
|a Κατασκευές
|x Κόστος
|
| 650 |
|
4 |
|a Κατασκευές
|x Χρηματοδότηση
|
| 650 |
|
4 |
|a Τεχνικά συγγράμματα
|
| 650 |
|
4 |
|a ΤΥΠΟΠΟΙΗΣΗ
|
| 710 |
0 |
|
|a Ιων
|
| 942 |
|
|
|2 ddc
|
| 952 |
|
|
|0 0
|1 0
|2 ddc
|4 0
|6 808_066620000000000_ΜΙΧ
|7 0
|9 312704
|a LISK
|b LISK
|c BSC
|d 2021-01-17
|e 24
|f 0
|g 0.00
|l 0
|o 808.06662 ΜΙΧ
|p 92410049713
|r 2021-01-17 00:00:00
|t 1
|w 2021-01-17
|y BK15
|x 20120113 0 1
|x GrPaTEI
|
| 952 |
|
|
|0 0
|1 0
|2 ddc
|4 0
|6 808_066620000000000_ΜΙΧ
|7 0
|9 312705
|a LISK
|b LISK
|c BSC
|d 2021-01-17
|e 24
|f 0
|g 0.00
|l 0
|o 808.06662 ΜΙΧ
|p 92410049714
|r 2021-01-17 00:00:00
|t 1
|w 2021-01-17
|y BK15
|x 20120113 0 1
|x GrPaTEI
|
| 952 |
|
|
|0 0
|1 0
|2 ddc
|4 0
|6 808_066620000000000_ΜΙΧ
|7 0
|9 312706
|a LISK
|b LISK
|c BSC
|d 2021-01-17
|e 24
|f 0
|g 0.00
|l 0
|o 808.06662 ΜΙΧ
|p 92410049715
|r 2021-01-17 00:00:00
|t 1
|w 2021-01-17
|y BK15
|x 20120113 0 1
|x GrPaTEI
|
| 952 |
|
|
|0 0
|1 0
|2 ddc
|4 0
|6 808_066620000000000_MIX
|7 1
|9 312707
|a LISK
|b LISK
|c BSC
|d 2021-01-17
|e 24
|f 0
|g 0.00
|l 0
|o 808.06662 MIX
|p 92410049764
|r 2021-01-17 00:00:00
|t 1
|w 2021-01-17
|y BKN
|x 20120113 0 0
|x GrPaTEI
|
| 952 |
|
|
|0 0
|1 0
|2 ddc
|4 0
|6 808_066620000000000_ΜΙΧ
|7 1
|9 312708
|a LISK
|b LISK
|c BSC
|d 2021-01-17
|e 24
|f 0
|g 0.00
|l 0
|o 808.06662 ΜΙΧ
|p 92410049716
|r 2021-01-17 00:00:00
|t 1
|w 2021-01-17
|y BKN
|x 20120113 0 0
|x GrPaTEI
|
| 952 |
|
|
|0 0
|1 0
|2 ddc
|4 0
|6 808_066620000000000_MIX
|7 0
|9 312713
|a LISK
|b LISK
|c ALF
|d 2021-01-17
|e 24
|f 0
|g 0.00
|l 0
|o 808.06662 MIX
|p 92410049766
|r 2021-01-17 00:00:00
|t 1
|w 2021-01-17
|y BK15
|x 20120113 0 1
|x GrPaTEI
|
| 952 |
|
|
|0 0
|1 0
|2 ddc
|4 0
|6 808_066620000000000_ΜΙΧ
|7 0
|9 312715
|a LISK
|b LISK
|c ALF
|d 2021-01-17
|e 24
|f 0
|g 0.00
|l 0
|o 808.06662 ΜΙΧ
|p 92410049718
|r 2021-01-17 00:00:00
|t 1
|w 2021-01-17
|y BK15
|x 20120113 0 1
|x GrPaTEI
|
| 952 |
|
|
|0 0
|1 0
|2 ddc
|4 0
|6 808_066620000000000_ΜΙΧ
|7 0
|9 312720
|a LISK
|b LISK
|c ALF
|d 2021-01-17
|e 24
|f 0
|g 0.00
|l 0
|o 808.06662 ΜΙΧ
|p 92410049763
|r 2021-01-17 00:00:00
|t 1
|w 2021-01-17
|y BK15
|x 20120113 0 1
|x GrPaTEI
|
| 971 |
|
|
|a .b26782923
|b 16-04-20
|c 26-09-16
|
| 999 |
|
|
|c 179196
|d 179196
|